¿Imponer la ética a través de la ley penal? : reflexiones en torno a la constitucionalidad del delito de injuria y calumnia /

Bibliographic Details
Main Author: Toro G., Marcelo
Format: Analitica de revista
Language:Spanish
Published: Santiago, Chile DefensorÌa Penal Pública 2005
Subjects:

MARC

LEADER 00000cab a2200000 a 4500
001 041628
003 UAHC_CL
005 20180604140148.0
008 060323s2005 cl j 000 1 spa
952 |0 0  |1 0  |4 0  |6 REVISTA_DE_DERECHO01_05_000000000000000  |7 0  |8 General  |9 78013  |a BC  |b BC  |c General  |d 2017-08-03  |l 0  |o REVISTA DE DERECHO-01/05  |p FICTICIO7069  |r 2019-01-08 00:00:00  |t 1  |w 2017-08-03  |y REVA 
999 |c 41628  |d 41628 
040 |a UAHC_CL  |c UAHC_CL  |d UAHC_CL 
100 1 |a Toro G., Marcelo 
245 1 0 |a ¿Imponer la ética a través de la ley penal? :  |b reflexiones en torno a la constitucionalidad del delito de injuria y calumnia /  |c Marcelo Toro G. 
260 |b DefensorÌa Penal Pública  |c 2005  |a Santiago, Chile 
300 |a p.96-108 
500 |a En: Revista de derecho, Universidad Miguel de Cervantes, nû1, 2005. p.96-108. ISSN 07182783 
653 |a DERECHO 
773 0 |t Revista de derecho  |w 041598 
900 |a REVISTA DE DERECHO-01/05 
942 |c REVA  |2 ddc